[Event "Olympiad-42"]
[Site "Baku"]
[Date "2016.09.03"]
[Round "2.4"]
[White "Schenaoui, Nabil"]
[Black "Martis, Valentino"]
[Result "1-0"]
[WhiteElo "2150"]
[BlackElo "1917"]
[PlyCount "109"]
[EventDate "2016.09.02"]
[EventType "team-swiss"]
[EventRounds "11"]
[EventCountry "AZE"]
[SourceTitle "CBM 175"]
[Source "ChessBase"]
[SourceDate "2016.11.10"]
[SourceVersion "1"]
[SourceVersionDate "2016.11.10"]
[SourceQuality "1"]
[WhiteTeam "Tunisia"]
[BlackTeam "Netherlands Antilles"]
[WhiteTeamCountry "TUN"]
[BlackTeamCountry "AHO"]

1. d4 d5 2. Bf4 Nf6 3. Nf3 c5 4. e3 Qb6 5. Nc3 Bd7 6. Rb1 e6 7. a3 cxd4 8. exd4 Be7 9. Bd3 0-0 10. h3 Rc8 11. 0-0 Qd8 12. Bd2 a6 13. Ne5 Bc6 14. Qf3 Nbd7 15. Rfe1 Nxe5 16. Rxe5 Ne4 17. Nxe4 dxe4 18. Bxe4 Bxe4 19. Rxe4 Rxc2 20. Bc3 Qb6 21. Qd1 Rxc3 22. bxc3 Qc6 23. Re3 Bg5 24. Rf3 Qe4 25. a4 Rd8 26. Qb3 Rd7 27. Kf1 Qc6 28. Re1 Rd5 29. Rb1 b5 30. axb5 Rxb5 31. Qc2 Qc4+ 32. Kg1 Bf6 33. Rxb5 axb5 34. Qe4 h6 35. Qd3 Qb3 36. Qe4 Qc4 37. Qa8+ Kh7 38. Qa7 Kg8 39. Qc5 Qb3 40. g3 Qb1+ 41. Kg2 Qb3 42. h4 Bd8 43. Qc8 Qd5 44. Qc5 Qb7 45. Qe5 g5 46. hxg5 hxg5 47. g4 Qc6 48. Qe3 f6 49. Kg1 Kg7 50. Rh3 Qa6 51. Qe4 Qa1+ 52. Kg2 f5 53. gxf5 exf5 54. Qxf5 Qa8+ 55. d5 1-0

[Event "Porlamar Margarita Village"]
[Site "Porlamar"]
[Date "2016.02.07"]
[Round "8.1"]
[White "Martis, Valentino"]
[Black "Osorio Guevara, Javier Jose"]
[Result "0-1"]
[WhiteElo "2050"]
[BlackElo "2152"]
[PlyCount "65"]
[EventDate "2016.02.03"]
[EventType "tourn"]
[EventRounds "9"]
[EventCountry "VEN"]
[SourceTitle "EXT 2018"]
[Source "ChessBase"]
[SourceDate "2017.10.13"]
[SourceVersion "1"]
[SourceVersionDate "2017.10.13"]
[SourceQuality "1"]

1. e4 c5 2. Nf3 d6 3. Bb5+ Nd7 4. 0-0 Ngf6 5. Re1 a6 6. Bf1 e6 7. c4 Be7 8. Nc3 0-0 9. d4 cxd4 10. Nxd4 Qc7 11. Be3 b6 12. f3 Bb7 13. Nc2 Ne5 14. Na4 Nfd7 15. b3 Bc6 16. Nc3 Rfd8 17. Qe2 Bb7 18. Qf2 b5 19. Rac1 bxc4 20. bxc4 Rac8 21. Nd4 Qa5 22. Qg3 Nxc4 23. Bxc4 Rxc4 24. Nd5 Bxd5 25. Rxc4 Bxc4 26. Nc6 Qc7 27. Nxe7+ Kf8 28. Bg5 Re8 29. Bh6 gxh6 30. Ng8 Qc5+ 31. Kh1 Qe5 32. f4 Qg7 33. Ne7 0-1

[Event "Porlamar Margarita Village"]
[Site "Porlamar"]
[Date "2016.02.07"]
[Round "9.1"]
[White "Rondon Chacon, Rene Ibrahim"]
[Black "Martis, Valentino"]
[Result "1/2-1/2"]
[WhiteElo "2163"]
[BlackElo "2050"]
[PlyCount "20"]
[EventDate "2016.02.03"]
[EventType "tourn"]
[EventRounds "9"]
[EventCountry "VEN"]
[SourceTitle "EXT 2018"]
[Source "ChessBase"]
[SourceDate "2017.10.13"]
[SourceVersion "1"]
[SourceVersionDate "2017.10.13"]
[SourceQuality "1"]

1. e4 e5 2. f4 exf4 3. Nf3 d6 4. Bc4 Be7 5. 0-0 Nf6 6. d3 0-0 7. Bxf4 Nc6 8. a3 a6 9. Nbd2 Rb8 10. d4 b5 1/2-1/2

[Event "Porlamar Margarita Village"]
[Site "Porlamar"]
[Date "2016.02.04"]
[Round "3.1"]
[White "Bobadilla Viera, Jorge Samuel"]
[Black "Martis, Valentino"]
[Result "1-0"]
[WhiteElo "2259"]
[BlackElo "2050"]
[PlyCount "69"]
[EventDate "2016.02.03"]
[EventType "tourn"]
[EventRounds "9"]
[EventCountry "VEN"]
[SourceTitle "EXT 2018"]
[Source "ChessBase"]
[SourceDate "2017.10.13"]
[SourceVersion "1"]
[SourceVersionDate "2017.10.13"]
[SourceQuality "1"]

1. e4 d6 2. d4 Nf6 3. Nc3 e5 4. Nf3 Nbd7 5. Bc4 Be7 6. Ng5 0-0 7. Bxf7+ Rxf7 8. Ne6 Qe8 9. Nxc7 Qf8 10. Nxa8 Ne8 11. Be3 b6 12. Nd5 Bd8 13. Qe2 Bb7 14. dxe5 dxe5 15. Naxb6 axb6 16. 0-0 Nd6 17. f3 Bxd5 18. exd5 Nf5 19. Bf2 Qd6 20. Rad1 Bc7 21. g3 Rf6 22. c3 Rh6 23. b4 Rh5 24. Qe4 Ne7 25. Qg4 Rh6 26. Qe4 Rh3 27. c4 Nf6 28. Qe3 Nf5 29. c5 bxc5 30. bxc5 Qf8 31. d6 Bd8 32. Qxe5 Nh5 33. Kg2 Nh4+ 34. Kxh3 Qxf3 35. Qd5+ 1-0

[Event "Cumana Feria de Santa Ines"]
[Site "Cumana"]
[Date "2016.01.22"]
[Round "5"]
[White "Martis, Valentino"]
[Black "Marichal Gonzalez, Ariel"]
[Result "0-1"]
[WhiteElo "1994"]
[BlackElo "2319"]
[PlyCount "54"]
[EventDate "2016.01.20"]
[EventType "tourn"]
[EventRounds "10"]
[EventCountry "VEN"]
[EventCategory "1"]
[SourceTitle "CBM 170 Extra"]
[Source "ChessBase"]
[SourceDate "2016.02.25"]
[SourceVersion "1"]
[SourceVersionDate "2016.02.25"]
[SourceQuality "1"]

1. d4 Nf6 2. e3 g6 3. Bd3 Bg7 4. f4 d6 5. Nf3 0-0 6. 0-0 Nc6 7. c4 e5 8. fxe5 dxe5 9. dxe5 Ng4 10. Nc3 Ngxe5 11. Nxe5 Nxe5 12. Be2 Qxd1 13. Rxd1 c6 14. e4 Be6 15. c5 Nc4 16. Na4 Rfd8 17. Rb1 Rxd1+ 18. Bxd1 Bd4+ 19. Kf1 Ne3+ 20. Bxe3 Bxe3 21. b3 Rd8 22. Ke2 Bf4 23. g3 Rd2+ 24. Kf3 Be5 25. h4 h5 26. Ke3 Rxa2 27. Kd3 Rg2 0-1

[Event "Cumana Feria de Santa Ines"]
[Site "Cumana"]
[Date "2016.01.21"]
[Round "3"]
[White "Martis, Valentino"]
[Black "Leyva Proenza, Ricardo"]
[Result "0-1"]
[WhiteElo "1994"]
[BlackElo "2339"]
[PlyCount "44"]
[EventDate "2016.01.20"]
[EventType "tourn"]
[EventRounds "10"]
[EventCountry "VEN"]
[EventCategory "1"]
[SourceTitle "CBM 170 Extra"]
[Source "ChessBase"]
[SourceDate "2016.02.25"]
[SourceVersion "1"]
[SourceVersionDate "2016.02.25"]
[SourceQuality "1"]

1. c4 Nf6 2. g3 c6 3. Bg2 d5 4. cxd5 cxd5 5. d4 Nc6 6. Nf3 g6 7. Nc3 Bg7 8. 0-0 0-0 9. a3 Ne4 10. Bf4 Nxc3 11. bxc3 Bf5 12. Qd2 Na5 13. Qb2 Be4 14. Bh3 Bxf3 15. exf3 e6 16. Rfc1 Qe7 17. Bf1 Rfc8 18. Rc2 Nc4 19. Qb4 Qd7 20. Rb1 b6 21. Bd3 Bf8 22. Qb3 Nxa3 0-1

[Event "Cumana Feria de Santa Ines"]
[Site "Cumana"]
[Date "2016.01.20"]
[Round "2"]
[White "Bobadilla Viera, Jorge Samuel"]
[Black "Martis, Valentino"]
[Result "1-0"]
[WhiteElo "2094"]
[BlackElo "1994"]
[PlyCount "49"]
[EventDate "2016.01.20"]
[EventType "tourn"]
[EventRounds "10"]
[EventCountry "VEN"]
[EventCategory "1"]
[SourceTitle "CBM 170 Extra"]
[Source "ChessBase"]
[SourceDate "2016.02.25"]
[SourceVersion "1"]
[SourceVersionDate "2016.02.25"]
[SourceQuality "1"]

1. e4 e6 2. Nf3 d5 3. e5 c5 4. b4 cxb4 5. d4 Qb6 6. a3 bxa3 7. Nxa3 Bd7 8. c4 Bb4+ 9. Bd2 Bxd2+ 10. Qxd2 Qb3 11. Bd3 a5 12. 0-0 Qb4 13. Qxb4 axb4 14. Nb5 Rxa1 15. Nd6+ Ke7 16. Rxa1 Na6 17. cxd5 b3 18. Bc4 b2 19. Rb1 exd5 20. Bxd5 Nc7 21. Bxb7 Nh6 22. Rxb2 Rb8 23. Re2 Ne8 24. Nxe8 Kxe8 25. Be4 1-0

[Event "Curacao op"]
[Site "Willemstad"]
[Date "2001.07.28"]
[Round "4"]
[White "Martis, Valentino"]
[Black "Grosse Honebrink, Brigitte"]
[Result "1/2-1/2"]
[WhiteElo "100"]
[BlackElo "1841"]
[PlyCount "88"]
[EventDate "2001.07.??"]
[EventType "swiss"]
[EventRounds "9"]
[EventCountry "AHO"]
[SourceTitle "EXT 2002"]
[Source "ChessBase"]
[SourceDate "2001.11.25"]
[SourceVersion "1"]
[SourceVersionDate "2001.11.25"]
[SourceQuality "1"]

1. e4 e5 2. Nf3 Nc6 3. Bb5 a6 4. Ba4 Nf6 5. 0-0 Nxe4 6. Re1 Nc5 7. Nxe5 Nxe5 8. Rxe5+ Be7 9. Bb3 Nxb3 10. axb3 d6 11. Re1 Be6 12. d4 0-0 13. c4 d5 14. c5 Bf6 15. Be3 Re8 16. Nc3 g6 17. Qd2 Qd7 18. Rad1 Bg7 19. b4 Rad8 20. Bf4 Bg4 21. f3 Bf5 22. Rxe8+ Rxe8 23. Qf2 c6 24. g4 Be6 25. h3 f5 26. g5 Bf7 27. Kf1 Qd8 28. Na4 a5 29. Nb6 axb4 30. b3 Bf8 31. Ra1 Qe7 32. h4 Be6 33. Ra7 Qf7 34. Qd2 Bc8 35. Qxb4 Be6 36. Qd2 Bg7 37. Ra4 Qe7 38. Kf2 h6 39. Bd6 Qf7 40. Bf4 hxg5 41. hxg5 Bf8 42. Ra1 Qe7 43. Rh1 Bd7 44. Kg3 Bg7 1/2-1/2